'FRIENDS' in Other Things Quiz Stats

 Plays Quiz Updated Mar 25, 2013

Challenge
Share
Tweet
Score 0/24 Timer 05:00
8 Plays Today
% Correct
Madagascar
87.7%
Joey
76.1%
Ace Ventura: Pet Detective
71.5%
Cougar Town
69.1%
30 Rock
68.4%
Horrible Bosses
59.4%
Bruce Almighty
55.2%
Office Space
53.5%
Scream
48.5%
The Whole Ten Yards
48%
Romy and Michele's High School Reunion
47.7%
The Bounty Hunter
43.2%
% Correct
Analyze This
32%
Band of Brothers
30.6%
Mad About You
29.2%
Go On
28.5%
Lost in Space
26.3%
Family Ties
25.7%
Episodes
23.5%
Fools Rush In
20%
Studio 60 on the Sunset Strip
17.9%
Ed
16.2%
The Pallbearer
8%
Web Therapy
7.2%

You're not logged in!

Compare scores with friends on all Sporcle quizzes.
Join for Free
OR
Log In

You Might Also Like...

Show Comments

Extras

Top Quizzes Today


Score Distribution

Your Account Isn't Verified!

In order to create a playlist on Sporcle, you need to verify the email address you used during registration. Go to your Sporcle Settings to finish the process.

Report this User

Report this user for behavior that violates our Community Guidelines.

Details: